export_success — 

Hazardous waste management. Volume I /

Bibliographic Details
Main Author: Sengupta, Sukalyan, (Author)
Format: eBook
Language:English
Published: New York, NY : Momentum Press Engineering, 2018.
Subjects:
Online Access:Click to View
LEADER 01566nam a2200385 i 4500
001 EBC5240825
003 MiAaPQ
005 20200520144314.0
006 m o d |
007 cr cnu||||||||
008 190123s2018 nyua o 001 0 eng d
020 |z 9781945612886 
020 |a 9781945612893  |q (electronic bk.) 
035 |a (MiAaPQ)EBC5240825 
035 |a (Au-PeEL)EBL5240825 
035 |a (CaPaEBR)ebr11502744 
035 |a (OCoLC)1021809869 
040 |a MiAaPQ  |b eng  |e rda  |e pn  |c MiAaPQ  |d MiAaPQ 
050 4 |a TD1050.W36  |b .S464 2018 
082 0 |a 363.728760973  |2 23 
100 1 |a Sengupta, Sukalyan,  |e author. 
245 1 0 |a Hazardous waste management.  |n Volume I /  |c Sukalyan Sengupta. 
264 1 |a New York, NY :  |b Momentum Press Engineering,  |c 2018. 
300 |a 1 online resource (141 pages) :  |b illustrations 
336 |a text  |b txt  |2 rdacontent 
337 |a computer  |b c  |2 rdamedia 
338 |a online resource  |b cr  |2 rdacarrier 
500 |a Includes index. 
588 |a Description based on print version record. 
590 |a Electronic reproduction. Ann Arbor, MI : ProQuest, 2018. Available via World Wide Web. Access may be limited to ProQuest affiliated libraries. 
650 0 |a Hazardous wastes  |x Management. 
655 4 |a Electronic books. 
776 0 8 |i Print version:  |a Sengupta, Sukalyan.  |t Hazardous waste management. Volume I.  |d New York, NY : Momentum Press Engineering, 2018   |h 141 pages   |z 9781945612886 
797 2 |a ProQuest (Firm) 
856 4 0 |u https://ebookcentral.proquest.com/lib/matrademy/detail.action?docID=5240825  |z Click to View